| 000 | 00503nam a22001937a 4500 | ||
|---|---|---|---|
| 005 | 20220329142331.0 | ||
| 008 | 000801d2000 mx r 00110 esp d | ||
| 010 | _a81915 | ||
| 011 | _a82887 | ||
| 035 | _a93392 | ||
| 082 | 0 | 4 |
_a631.7 _bW4 |
| 245 | 0 | 0 |
_aDeterminación de las _c/por |
| 260 | _c199 | ||
| 490 | 0 | _aSerie latinoamericana | |
| 590 |
_aBATCH-UPD _b10 _c20130110 _lUCH01 _h0614 |
||
| 590 |
_aCONVERSION _b10 _c20130109 _lUCH01 _h1345 |
||
| 830 | 0 | 0 |
_aSerie latinoamericana _9104944 |
| 901 | _aBK | ||
| 999 |
_c81915 _d81915 |
||